Chiapas y Guatemala frene al TLCAN el PPP y al ALCA /
Wedi'i Gadw mewn:
| Prif Awdur: | |
|---|---|
| Fformat: | Texto |
| Pynciau: | |
| Tagiau: |
Ychwanegu Tag
Dim Tagiau, Byddwch y cyntaf i dagio'r cofnod hwn!
|
MARC
| LEADER | 00000 a a2200000 04500 | ||
|---|---|---|---|
| 001 | 45413 | ||
| 003 | |||
| 040 | |||
| 090 | |a REV0780 (41)2003 | ||
| 100 | |a Villafuerte Solís, Daniel | ||
| 245 | |a Chiapas y Guatemala frene al TLCAN el PPP y al ALCA / |c Daniel Villafuerte Solís | ||
| 650 | |a INTEGRACION REGIONAL | ||
| 650 | |a LIBERALIZACION ECONOMICA | ||
| 650 | |a ACUERDOS ECONOMICOS | ||
| 650 | |a NEGOCIACIONES COMERCIALES | ||
| 650 | |a TLCAN | ||
| 650 | |a PROMOCION DE LAS IMPORTACIONES | ||
| 650 | |a VALOR DE LAS EXPORTACIONES | ||
| 650 | |a SECTOR AGROPECUARIO | ||
| 650 | |a CONSECUENCIAS ECONOMICAS | ||
| 650 | |a CONSECUENCIAS SOCIALES | ||
| 773 | |g número41, V Epoca (Noviembre, 2003), páginas 66-87. | ||
| 999 | |c 21184 |d 21184 | ||
